000 00287nam a2200133Ia 4500
100 _aByrer/T.G
942 _cRB
654 _aforging
245 _aForging handbook
260 _bAmerican Society for metals
_aOhio
_c1985
082 _a671.332
_bBYR
300 _a296
546 _aENGLISH
999 _c19467
_d19467